000 00528nam a2200181Ia 4500
003 GCL
008 140319s9999 xx 000 0 ara d
040 _aGCL /
_cGCL
082 0 4 _a811.9
_bم و
100 1 _aمحجوب موسى
245 1 0 _aوفاء /
_cمحجوب موسى
260 _a[S.N] :
_bالهيئة المصرية العامة للكتاب ،
_c1995
300 _a135 ص
490 _a
650 0 4 _aدواوين وقصائد
650 0 4 _aالشعر العربى - العصر الحديث
942 _2ddc
_cBK
999 _c37431
_d37431